Réplique film - Le Dîner de cons - Statistiques

Statistiques générales
  • Ce quiz a été pris 1 253 fois
  • Le résultat moyen est 38 sur 47
Statistiques - réponses
Personnages Réplique % Correct
Pierre Brochant Il
91%
il
91%
Juste
91%
Juste
91%
Juste,
91%
juste ?
91%
Juste.
91%
le
91%
a
90%
à
90%
c'est
88%
c'est
88%
c'est
88%
c'est
88%
c'est
88%
c'est
88%
prénom ?
88%
prénom.
88%
prénom
88%
Leblanc.
87%
Leblanc.
87%
Leblanc,
87%
Pierre Brochant Eh
86%
son
84%
son
84%
nom,
83%
s'appelle
83%
vous
83%
vous,
83%
de
82%
de
82%
et
82%
pas
81%
François,
80%
votre
80%
lui,
79%
François Pignon Oui...
76%
François Pignon Ah
73%
bien
73%
Pierre Brochant Je
72%
dire :
69%
viens
68%
bon,
64%
pareil,
62%
Pignon,
47%
Pierre Brochant Monsieur
45%
François Pignon Hum...
10%
Aucun quiz correspondant
Distribution des résultats
% des personnes avec chaque résultat
Percentile par nombre de réponses
Votre historique - résultats
Vous n’avez pas pris ce quiz